000 00992nas a2200289 4500
001 BR2015001905
003 BR-BrBNA
005 20231205125209.0
007 ta
008 230509b bl.|||p| |||| 00| 00por d
040 _aBR-BrBNA
_bpor
_cBiblioteca Nacional de Agricultura
041 _a(En)
072 _aL73
100 1 _aPenna, B.
100 1 _aRabello, R.F.
100 1 _aLilenbaum, W.
245 1 _aComparison of cefoxitin disk diffusion test and mecA gene PCR results for methicillin resistance detection in Staphylococcus intermedius group isolates from canine origin in Brazil
650 _aCAO
650 _aDOENCA ANIMAL
650 _aBACTERIA
650 _aRESISTENCIA A PRODUTOS QUIMICOS
650 _aANALISE
773 0 _tBrazilian Journal of Microbiology (Brazil)
_xISSN 1517-8382
_g(2014), v. 45(1) p. 235-237
_wBR2015001905
856 4 0 _uhttp://www.scielo.br/pdf/bjm/v45n1/v45n1a33.pdf
909 _a202311
_bLúcia
_c55
_dLúcia Elande
942 _2AGRIS
_n0
_cANA
999 _c243162
_d243162